| 000 | 00601cam a2200181 a 4500 | ||
|---|---|---|---|
| 001 | 12270591 | ||
| 005 | 20250115134735.0 | ||
| 008 | 010105r19892000miub b 000 0 eng d | ||
| 020 | _a0801022541 | ||
| 050 | 0 | 0 |
_aBS491.2 _b.E93 2000 |
| 082 | 0 | 0 |
_a220.7 _221 |
| 245 | 0 | 0 |
_aBaker commentary on the Bible / _cWalter A. Elwell, editor. |
| 260 |
_aGrand Rapids, Mich. : _bBaker Books, _c2000 |
||
| 300 |
_axi, 1229 p. : _bmaps ; _c25 cm. |
||
| 500 | _aOriginally published: Evangelical commentary on the Bible. 1989, in series: Baker reference library. | ||
| 700 | 1 | _aElwell, Walter A. | |
| 942 |
_2lcc _cBK _n0 |
||
| 999 |
_c2566 _d2566 |
||